| 000 | 00484nam a2200205Ia 4500 | ||
|---|---|---|---|
| 003 | OSt | ||
| 005 | 20230607144647.0 | ||
| 008 | 210423s2012 xx 000 0 und d | ||
| 020 | _a9781849207263 | ||
| 040 | _cAL | ||
| 041 | _aeng | ||
| 082 | _a364.256 ROWR | ||
| 100 |
_aROWE (Michael). _9121591 |
||
| 245 | _aRace and crime. | ||
| 260 |
_aNew Delhi _bSage Publications _c2012 |
||
| 300 |
_avii,216 _bPB |
||
| 365 |
_b2197 _cINR |
||
| 906 | _acrime. ; Race | ||
| 942 |
_2ddc _cBK |
||
| 999 |
_c176203 _d176203 |
||